Soccer coaches by team and period - Statistics

General Stats
  • This quiz has been taken 291 times
  • The average score is 11 of 21
Answer Stats
Team Time Period Coach % Correct
FC Barcelona 2008-2012 Pep Guardiola
96%
Manchester United 1986-2013 Alex Ferguson
90%
Arsenal F.C. Since 1996 Arsène Wenger
88%
Borussia Dortmund 2008-2015 Jürgen Klopp
88%
Atletico Madrid Since 2011 Diego Simeone
87%
Chelsea F.C. 2004-2007 José Mourinho
85%
FC Barcelona 1988-1996 Johan Cruyff
77%
Germany Since 2006 Joachim Löw
75%
A.C. Milan 2001-2009 Carlo Ancelotti
72%
Juventus F.C. 2011-2014 Antonio Conte
59%
Spain 2008-2016 Vicente del Bosque
59%
Ajax 1991-1997 Louis Van Gaal
48%
Juventus 1976-1986; 1991-1994 Giovanni Trapattoni
21%
Nottingham Forest 1975-1993 Brian Clough
20%
Manchester United 1945-1969;1970-1971 Matt Busby
20%
Ajax 1965-1971 Rinus Michels
18%
PSV Eindhoven 1987-1990; 2002-2006 Guus Hiddink
17%
Liverpool F.C. 1959-1974 Bill Shankly
16%
Liverpool F.C. 1974-1983 Bob Paisley
13%
Hamburger SV 1981-1987 Ernst Happel
8%
Bayern Munich 1970-1975; 1983-1987 Udo Lattek
8%
No matching quizzes found
Score Distribution
Percent of People with Each Score
Percentile by Number Answered
Your Score History
You have not taken this quiz